Statistics for Assam - State Quiz

Click here to take the quiz!

General Stats

  • This quiz has been taken 92 times
  • The average score is 11 of 20

Answer Stats

HintAnswer% Correct
Bengali
89%
Official languagesAssamese
87%
The state was a part of this province until its partition in 1912Bengal
84%
Bhutan
84%
Bordering countriesBangladesh
83%
Assam is best known for this beverageAssam {tea}
76%
Unlike other parts of India, which sport is the most popular in this state?Football
74%
Which river is known as the lifeline of AssamBrahmaputra
68%
Largest cityGuwahati
61%
CapitalDispur
58%
State animalIndian One-Horned Rhinoceros
45%
Late medieval kingdom that ruled over Assam for 600 years, also the namesake for the stateAhom
41%
Triannual festival primarily observed to celebrate the completion of the harvest seasonBihu
41%
What position was held by Fakhruddin Ali Ahmed, a native of this state?President of India
38%
World's largest river islandMajuli
37%
Bodo
34%
The first oil well of Asia was dug in this cityDigboi
28%
Famous playback singer known for his "nectar-throated" voiceBhupen Hazarika
24%
Autonomous region in central Assam, home to Kaziranga National ParkKarbi Anglong
14%
The town of Ledo houses the easternmost _______ in IndiaRailway station
9%

Score Distribution

Percentile by Number Answered

Percent of People with Each Score

Your Score History

You have not taken this quiz